Contemporary algebra and trigonometry / (Record no. 182002)
[ view plain ]
| 000 -LEADER | |
|---|---|
| fixed length control field | 01125 a2200229 4500 |
| 003 - CONTROL NUMBER IDENTIFIER | |
| control field | Nust |
| 005 - DATE AND TIME OF LATEST TRANSACTION | |
| control field | 20221115112901.0 |
| 010 ## - LIBRARY OF CONGRESS CONTROL NUMBER | |
| LC control number | 75008125 |
| 020 ## - INTERNATIONAL STANDARD BOOK NUMBER | |
| International Standard Book Number | 0822101610 |
| 040 ## - CATALOGING SOURCE | |
| Transcribing agency | Nust |
| 082 00 - DEWEY DECIMAL CLASSIFICATION NUMBER | |
| Classification number | 512.13,MUE |
| 100 1# - MAIN ENTRY--PERSONAL NAME | |
| Personal name | Mueller, Francis J. |
| 9 (RLIN) | 102611 |
| 245 10 - TITLE STATEMENT | |
| Title | Contemporary algebra and trigonometry / |
| Statement of responsibility, etc. | Francis J. Mueller, Walter A. Albrecht, Jr. |
| 250 ## - EDITION STATEMENT | |
| Edition statement | 2nd ed. |
| 260 ## - PUBLICATION, DISTRIBUTION, ETC. | |
| Place of publication, distribution, etc. | Belmont, Calif. : |
| Name of publisher, distributor, etc. | Dickenson Pub. Co., |
| Date of publication, distribution, etc. | c1975. |
| 300 ## - PHYSICAL DESCRIPTION | |
| Extent | xii, 458 p. : |
| Other physical details | ill. ; |
| Dimensions | 24 cm. |
| 505 ## - FORMATTED CONTENTS NOTE | |
| Formatted contents note | Arithmetic to Algebra (Page-1), Mathematical Sentences (Page-34), Polynomial Products and Factors (Page-62), Fractions (Page-90), Inequalities (Page-115), Functions and Relations (Page-140), Systems of Linear Open Sentences (Page-178), Irrational and Complex Numbers (Page-202), Quadratic Equations and Inequalities (Page-232), Logarithms (Page-260), Trigonometric Functions (Page-292), Trigonometric Identities and Equations (Page-335), Circular Functions (Page-371). |
| 650 #0 - SUBJECT ADDED ENTRY--TOPICAL TERM | |
| Topical term or geographic name entry element | Algebra. |
| 9 (RLIN) | 8509 |
| 650 #0 - SUBJECT ADDED ENTRY--TOPICAL TERM | |
| Topical term or geographic name entry element | Plane trigonometry. |
| 9 (RLIN) | 39132 |
| 700 1# - ADDED ENTRY--PERSONAL NAME | |
| Personal name | Albrecht, Walter A., |
| 9 (RLIN) | 102612 |
| 942 ## - ADDED ENTRY ELEMENTS (KOHA) | |
| Source of classification or shelving scheme | |
| Koha item type | Book |
| Call number prefix | 512.13,MUE |
| Withdrawn status | Lost status | Source of classification or shelving scheme | Damaged status | Not for loan | Permanent Location | Current Location | Shelving location | Date acquired | Full call number | Barcode | Date last seen | Price effective from | Koha item type | Public note |
|---|---|---|---|---|---|---|---|---|---|---|---|---|---|---|
| Military College of Signals (MCS) | Military College of Signals (MCS) | General Stacks | 12/12/2016 | 512.13,MUE | MCS7640 | 12/08/2016 | 12/12/2016 | Book | Almirah No.11, Shelf No.1 |
